Informe final de consultoría. Sistematización de la Experiencia de la Red Interinstitucional de Rincón Grande de Pavas /

En este documento se presenta la sistematización de la experiencia de coordinación, organización y accionar de la Red Interinstitucional de Rincón Grande de Pavas. Bindando una panorámica cronólogica y de proceso de trayectoria organizativa y de accionar de la Red Interinstitucional de Rincón Grande...

Täydet tiedot

Tallennettuna:
Bibliografiset tiedot
Päätekijä: Rojas Molina, Lilliana
Yhteisötekijä: Proyecto de Fortalecimiento de la Autogestión Comunitaria
Muut tekijät: Calvo Fajardo, Nuria, colab, Rodríguez Gómez, Sonia, Vargas Aguilar, Damaris, Molina Rodríguez, Eugenia, coord
Aineistotyyppi: Teksti
Kieli:Spanish
Julkaistu: San José: PROFAC 1999
Aiheet:
Tagit: Lisää tagi
Ei tageja, Lisää ensimmäinen tagi!

MARC

LEADER 00000 a a2200000 04500
001 19139
003 cru IIS
005 20220504093550.0
008 181009b1999 CR ||||| |||| 00| 0 spa d
040 |c cru IIS  |a cru IIS  |b spa 
090 |a 05.03.03 P969s 
100 |a Rojas Molina, Lilliana  
110 |a Proyecto de Fortalecimiento de la Autogestión Comunitaria  
245 |a Informe final de consultoría. Sistematización de la Experiencia de la Red Interinstitucional de Rincón Grande de Pavas /  |c Lilliana Rojas Molina 
260 |a San José:   |b PROFAC   |c 1999 
300 |a 173 p., Anexos  
300 |b **no definido**   |b fonodiscos   |b **no definido**   |b **no definido**  
520 |a En este documento se presenta la sistematización de la experiencia de coordinación, organización y accionar de la Red Interinstitucional de Rincón Grande de Pavas. Bindando una panorámica cronólogica y de proceso de trayectoria organizativa y de accionar de la Red Interinstitucional de Rincón Grande de Pavas. El documento se divide en cinco capítulos, el primero con una breve contextualización de la comunidad de Rincón Grande de Pavas; el segundo, expone la historia organizativa de la Red Interinstitucional; el tercero explica los proyectos planteados y ejecutados por la Red Interinstitucional; el cuarto contempla información relacionada con la percepción y el impacto sobre el accionar de la Red Interinstitucional y el quinto contiene las conclusiones finales. 
650 |a COMPOSICION DE LA POBLACION  
650 |a ORGANIZACIONES SOCIALES  
650 |a SOCIEDAD CIVIL  
650 |a PLANO LOCAL  
700 |a Calvo Fajardo, Nuria  
700 |a colab  
700 |a Rodríguez Gómez, Sonia  
700 |a colab  
700 |a Vargas Aguilar, Damaris  
700 |a colab  
700 |a Molina Rodríguez, Eugenia  
700 |a coord  
942 |2 z  |c LI  |h 05.03.03 P969s  |i 22566  |6 050303_P969S_22566 
999 |c 15825  |d 15825